| 000 | 00592nam a22002177a 4500 | ||
|---|---|---|---|
| 003 | DO-SdBPM | ||
| 005 | 20250528113220.0 | ||
| 008 | 161116b1999 sp a| 00| 0 spa d | ||
| 020 | _a9788430571253 | ||
| 040 |
_aDO-SdBPM _bspa _cBPMSU |
||
| 082 | 4 |
_a808.83 _bA316 _222 |
|
| 245 | 0 | 0 | _aAladino |
| 260 |
_aMadrid : _bSusaeta Ediciones, _c [200-?] |
||
| 300 |
_a16 p. : _bil., ; _c30 cm. |
||
| 490 | 0 | _aArlequín | |
| 590 | _aInventariado, 2025/VM | ||
| 650 | 4 | _aCuentos infantiles | |
| 650 | 4 | _aLibros ilustrados para niños | |
| 910 | _aVMateo V. Control de calidad. BPMSU | ||
| 942 |
_2ddc _cBK |
||
| 999 |
_c11970 _d11970 |
||